<?xml version="1.0" encoding="UTF-8"?>
<record
    xmlns:xsi="http://www.w3.org/2001/XMLSchema-instance"
    xsi:schemaLocation="http://www.loc.gov/MARC21/slim http://www.loc.gov/standards/marcxml/schema/MARC21slim.xsd"
    xmlns="http://www.loc.gov/MARC21/slim">

  <leader>00648nam a22001697a 4500</leader>
  <controlfield tag="003">OSt</controlfield>
  <controlfield tag="005">20250623150726.0</controlfield>
  <controlfield tag="008">250623b        |||||||| |||| 00| 0 eng d</controlfield>
  <datafield tag="040" ind1=" " ind2=" ">
    <subfield code="c">DCL</subfield>
  </datafield>
  <datafield tag="082" ind1=" " ind2=" ">
    <subfield code="a">&#x1044;&#x1042;&#x1040;.&#x1047;</subfield>
  </datafield>
  <datafield tag="100" ind1=" " ind2=" ">
    <subfield code="a">&#x1012;&#x1031;&#x102B;&#x103A;&#x1001;&#x1004;&#x103A;&#x1021;&#x1031;&#x1038;&#x1015;&#x103D;&#x1004;&#x1037;&#x103A;&#x104A;</subfield>
  </datafield>
  <datafield tag="245" ind1="1" ind2="0">
    <subfield code="a">&#x1021;&#x1006;&#x1004;&#x1037;&#x103A;&#x1019;&#x103C;&#x1004;&#x1037;&#x103A;&#x1021;&#x1004;&#x103A;&#x1039;&#x1002;&#x101C;&#x102D;&#x1015;&#x103A;&#x101E;&#x1012;&#x1039;&#x1012;&#x102B; /</subfield>
    <subfield code="c">&#x1012;&#x1031;&#x102B;&#x103A;&#x1001;&#x1004;&#x103A;&#x1021;&#x1031;&#x1038;&#x1015;&#x103D;&#x1004;&#x1037;&#x103A;&#x104B;</subfield>
  </datafield>
  <datafield tag="264" ind1=" " ind2=" ">
    <subfield code="a">&#x101B;&#x1014;&#x103A;&#x1000;&#x102F;&#x1014;&#x103A;&#x104A;</subfield>
    <subfield code="b">&#x101D;&#x1004;&#x103A;&#x1038;&#x1005;&#x102C;&#x1015;&#x1031;&#x1010;&#x102D;&#x102F;&#x1000;&#x103A;&#x104A;</subfield>
    <subfield code="c">&#x1042;&#x1040;&#x1040;&#x1041;&#x104B;</subfield>
  </datafield>
  <datafield tag="300" ind1=" " ind2=" ">
    <subfield code="a">&#x1042;&#x1048;&#x1040; &#x1005;&#x102C;&#x1019;&#x103B;&#x1000;&#x103A;&#x1014;&#x103E;&#x102C;&#x104B;</subfield>
  </datafield>
  <datafield tag="600" ind1=" " ind2=" ">
    <subfield code="2">&#x1018;&#x102C;&#x101E;&#x102C;&#x1017;&#x1012; &#x104B;</subfield>
  </datafield>
  <datafield tag="942" ind1=" " ind2=" ">
    <subfield code="2">ddc</subfield>
    <subfield code="c">BOM</subfield>
    <subfield code="n">0</subfield>
  </datafield>
  <datafield tag="999" ind1=" " ind2=" ">
    <subfield code="c">1276</subfield>
    <subfield code="d">1276</subfield>
  </datafield>
</record>
